ბათუმის შოთა რუსთაველის სახელმწიფო უნივერსიტეტის ბიბლიოთეკა

Введение в теорию множеств и общую топологию (ბიბ.ჩანაწერი № 47944)

000 -LEADER
fixed length control field 00586nam a2200193Ia 4500
001 - CONTROL NUMBER
control field 14821
003 - CONTROL NUMBER IDENTIFIER
control field GE_BSU
008 - FIXED-LENGTH DATA ELEMENTS--GENERAL INFORMATION
fixed length control field 181216s||||||||xx |||||||||||||| ||und||
040 ## - CATALOGING SOURCE
Transcribing agency GE_BSU
080 ## - UNIVERSAL DECIMAL CLASSIFICATION NUMBER
Universal Decimal Classification number 510.22(075.8)+515.12(075.8)
100 ## - MAIN ENTRY--PERSONAL NAME
Personal name Александров,П.С.
245 ## - TITLE STATEMENT
Title Введение в теорию множеств и общую топологию
260 ## - PUBLICATION, DISTRIBUTION, ETC.
Place of publication, distribution, etc. Москва
260 ## - PUBLICATION, DISTRIBUTION, ETC.
Name of publisher, distributor, etc. Наука
260 ## - PUBLICATION, DISTRIBUTION, ETC.
Date of publication, distribution, etc. 1977
300 ## - PHYSICAL DESCRIPTION
Extent 368стр.22см.
653 ## - INDEX TERM--UNCONTROLLED
Uncontrolled term Введение в теорию множеств и общую топологию
942 ## - ADDED ENTRY ELEMENTS (KOHA)
Koha item type წიგნი
ეგზემპლარები
Withdrawn status Lost status Damaged status Not for loan Date acquired Barcode Date last seen Price effective from Koha item type
        2018-12-17 15321 2018-12-17 2018-12-17 წიგნი
        2018-12-17 15223 2018-12-17 2018-12-17 წიგნი